Roads to reading /

Bibliographic Details
Main Author: Staiger, Ralph C.
Format: Book
Language:English
Published: Paris : Unesco, 1979.
Subjects:

MARC

Tag First Indicator Second Indicator Subfields
LEADER 00000cam a2200000 i 4500
001 in00000682003
005 20151015160813.0
008 791010s1979 fr b i00010 eng
010 |a  79315806  
015 |a F*** 
020 |a 9231016423 
035 |a (OCoLC)05629486 
035 |9 ACZ3151AM 
040 |a DLC  |c DLC  |d TXA  |d UtOrBLW 
049 |a TXAM  |c [983345] 
050 0 0 |a Z1003  |b .S78 
082 0 |a 028/.9 
100 1 |a Staiger, Ralph C. 
245 1 0 |a Roads to reading /  |c Ralph C. Staiger. 
264 1 |a Paris :  |b Unesco,  |c 1979. 
300 |a 141 pages ;  |c 21 cm. 
336 |a text  |b txt  |2 rdacontent 
337 |a unmediated  |b n  |2 rdamedia 
338 |a volume  |b nc  |2 rdacarrier 
504 |a Bibliography: pages [129]-141. 
650 0 |a Books and reading. 
999 |a MARS 
999 f f |s a71c3c21-eae7-3d10-89ea-723b53628b7f  |i e064ab5e-d073-3c23-8fea-d6534abb82bc  |t 0 
952 f f |p ric  |a Texas A&M University  |b Rellis Campus  |c Joint Library Facility  |d Remote Storage  |t 0  |e Z1003 .S78  |h Library of Congress classification  |i unmediated -- volume  |m A14805751611 
998 f f |a Z1003 .S78  |t 0  |l Remote Storage